000
00340nam a2200145Ia 4500
008
150201s2008 xx 000 0 und d
082
_a
617.7
_b
O08N
100
_a
NEMA, H.V.
245
_a
TB. OF OPHTHALMOLOGY
250
_a
5TH
260
_b
JAYPEE BROTHERS
_a
DELHI
_c
2008
300
_a
1-561
650
_a
OPHTHALMOLOGY
942
_2
ddc
_c
BK
_0
4
999
_c
122
_d
122